Atla (Record no. 10488)
[ view plain ]
| 000 -CABECERA | |
|---|---|
| campo de control de longitud fija | 00770nam a2200241 a 4500 |
| 001 - NÚMERO DE CONTROL | |
| campo de control | BRL_1679 |
| 005 - FECHA Y HORA DE LA ÚLTIMA TRANSACCIÓN | |
| campo de control | 20190320211323.0 |
| 008 - DATOS DE LONGITUD FIJA--INFORMACIÓN GENERAL | |
| campo de control de longitud fija | 280414s1964----mx-aob####---#000-0#spa-# |
| 041 ## - CÓDIGO DE LENGUA | |
| Código de lengua del texto/banda sonora o título independiente | spa |
| 044 ## - CÓDIGO DEL PAÍS DE LA ENTIDAD EDITORA/PRODUCTORA | |
| Código MARC del país | mx |
| 050 #4 - SIGNATURA TOPOGRÁFICA DE LA BIBLIOTECA DEL CONGRESO | |
| Número de clasificación | F1221.A8 |
| Número de documento/Ítem | .M66 1964 |
| 100 1# - ENTRADA PRINCIPAL--NOMBRE DE PERSONA | |
| Nombre de persona | Montoya Briones, José de Jesús |
| 9 (RLIN) | 27617 |
| 245 10 - MENCIÓN DE TÍTULO | |
| Título | Atla |
| Resto del título | etnografía de un pueblo náhuatl |
| Mención de responsabilidad, etc. | José de Jesús Montoya Briones. |
| 260 ## - PUBLICACIÓN, DISTRIBUCIÓN, ETC. | |
| Lugar de publicación, distribución, etc. | México |
| Nombre del editor, distribuidor, etc. | INAH |
| Fecha de publicación, distribución, etc. | 1964 |
| 300 ## - DESCRIPCIÓN FÍSICA | |
| Extensión | 203 p. |
| Otras características físicas | il., mapas |
| Dimensiones | 23 cm. |
| 440 #0 - MENCIÓN DE SERIE/PUNTO DE ACCESO ADICIONAL--TÍTULO | |
| Título | Departamento de Investigaciones Antropológicas. Publicaciones |
| Designación de volumen o secuencia | 14 |
| 9 (RLIN) | 27618 |
| 500 ## - NOTA GENERAL | |
| Nota general | Au2036 |
| 504 ## - NOTA DE BIBLIOGRAFÍA, ETC. | |
| Nota de bibliografía, etc. | Bibliografía : p. 195-201 |
| 650 14 - PUNTO DE ACCESO ADICIONAL DE MATERIA--TÉRMINO DE MATERIA | |
| Término de materia o nombre geográfico como elemento de entrada | Indígenas |
| Subdivisión general | Náhuas |
| Subdivisión cronológica | Sierra Norte de Puebla |
| 9 (RLIN) | 27619 |
| 651 #4 - PUNTO DE ACCESO ADICIONAL DE MATERIA--NOMBRE GEOGRÁFICO | |
| Nombre geográfico | Atla (Puebla) |
| Subdivisión general | Náhuas |
| 9 (RLIN) | 27620 |
| 902 ## - CATALOGADOR | |
| Iniciales | GRL |
| 942 ## - ELEMENTOS DE PUNTO DE ACCESO ADICIONAL (KOHA) | |
| Fuente del sistema de clasificación o colocación | Library of Congress Classification |
| Tipo de ítem Koha | Libros |
| Estado de retiro | Estado de pérdida | Estado dañado | No para préstamo | Localización permanente | Ubicación/localización actual | Fecha de adquisición | Número de inventario | Total de préstamos | Signatura topográfica completa | Código de barras | Fecha visto por última vez | Precio válido a partir de | Tipo de ítem Koha |
|---|---|---|---|---|---|---|---|---|---|---|---|---|---|
| El ejemplar forma parte de la colección y puede ser consultado según las políticas vigentes. | Biblioteca Centro de Estudios Ruth D. Lechuga | Biblioteca Centro de Estudios Ruth D. Lechuga | 28/04/2014 | Au2036 | F1221.A8 .M66 1964 (Au2036) | GRL01850 | 22/03/2019 | 22/03/2019 | Libros |